000 00452nam a2200181Ia 4500
001 20711
005 20260306172825.0
008 260306t2021||||xx |||||||||||||| ||spa||
041 _aESP
082 _a343.7
_bG98 2021
100 _aGuzmán Napurí, Christian
_eAUT
245 0 _aEl procedimiento administrativo sancionador
260 _c2021
300 _a702 páginas :
_c25 cm.
650 _aGEN
654 _aCDE
942 _cLIB
_dJUS
_fJUS
_2ddc
_n
999 _c20711
_d20711